Responses for show #3922 - Tuesday, September 25, 2001

2001 Back to School Week game 2.

Contestants

[<< previous game]

Eric Webb, a 12-year-old from Austin, Texas

Aki Terasaki, an 11-year-old from Newark, Delaware

Whitney Dearden, an 11-year-old from Washington Crossing, Pennsylvania

[next game >>]

Jeopardy! Round responses

BOOKS
IT'S A LIVING
(Alex: We'll give you the people, you have to identify their occupations.)
LET'S CELEBRATE!
MARS
WHEN IN SOUTHERN CALIFORNIA
SPEAK & SPELL
(Alex: And, yes, you will have to spell the correct response.)
    $100 1
Charlotte's Web

Aki
    $100 6
a fashion designer

Eric
    $100 11
Veterans Day

Eric
    $100 16
red

Eric
    $100 22
Hollywood Boulevard

Triple Stumper
    $100 21
Q-U-E-B-E-C

Eric
    $500 2
A Wrinkle in Time

Aki
    $200 7
a chef

Eric
    $200 12
St. Patrick's Day

Eric
    $200 17
London

Aki
    $200 23
Reagan

Eric
    $200 27
Y-A-C-H-T

Eric
    $300 3
The Hobbit

Whitney
    $300 8
a magician

Eric
    $300 13
Plymouth

Aki
    $300 18
moons

Aki
    $300 24
a mammoth

Eric
    $300 28
(Aki: O... oh, what is O-R-T-H-O-N-D-I-A?)
(Eric: What is O-R-T-H-O-N...)

O-R-T-H-O-D-O-N-T-I-A

AkiEric
Triple Stumper
    $400 4
His Dark Materials

Whitney
    $400 9
a justice of the Supreme Court

Eric
    $400 14
Fat Tuesday (or Mardi Gras)

Aki
    $400 19
Antarctica

Whitney
    $400 25
CBS

Eric
    $400 29
(Aki: What is... oh!)
(Whitney: What is U-N-A-N-A-M-O-S?)

U-N-A-N-I-M-O-U-S

WhitneyAki
Triple Stumper
    $500 5
the Baudelaires

Whitney
    $500 10
(Eric: What is a mayor?)
...
(Alex: They are [*], of Florida and California.)

governors

Eric
Triple Stumper
    $500 15
Mother's Day

Whitney
    $500 20
volcano

Whitney
    $500 26
Rodeo Drive

Whitney
    $500 30
A-A-R-D-V-A-R-K

Eric

Scores at the first commercial break (after clue 15):

Whitney Aki Eric
$1,700 $1,300 $800

Scores at the end of the Jeopardy! Round:

Whitney Aki Eric
$2,700 $1,100 $2,300

Double Jeopardy! Round responses

THE SOUND & THE FURRY
GOOD SPORTS
PEOPLE IN HISTORY
QUARTER BACKS
THE FIVE SENSES
I KNOW IT FORWARD & BACKWARD
(Alex: Correct responses are words that will be spelled the same frontwards and backwards)
    $200 3
a lion

Aki
    $200 12
soccer

Whitney
    $200 18
Benjamin Franklin

Eric
    $200 25
New York

Aki
    $200 5
hearing

Whitney
    $200 1
mom

Aki
    $400 4
a wolf

Eric
    $400 14
car racing

Whitney
    $400 19
Leif Ericson

Whitney
    $400 27
South Carolina

Whitney
    $400 9
touch

Eric
    $400 2
noon

Eric
    $600 6
a grizzly bear

Eric
    $600 13
pole vaulting

Whitney
    $600 22
(Julius) Caesar

Eric
    $600 28
(Whitney: California)

Rhode Island

Whitney
Triple Stumper
    $600 10
(Whitney: Uy, I don't know, I forgot)

sight

Whitney
Triple Stumper
    $600 17
(Aki: Kayaking)
(Alex: Right. NO! Sorry)
...
(Alex: Yes, it has to be the same spelling forwards and backwards)

kayak

AkiEric
    $800 7
a gorilla

Whitney
    $800 15
baseball

Eric
    $300 23
Napoleon

Eric
    $800 29
Kentucky

Whitney
    $800 11
taste

Whitney
    $1,000 20
radar

Whitney
    $1000 8
a prairie dog

Eric
    $1000 21
(Eric: Golf)

the rough

Eric
Triple Stumper
    $1000 24
(Henry) Hudson

Eric
    $1000 30
Georgia

Eric
    $1000 16
smell

Aki
    $1000 26
deed

Aki

Scores at the end of the Double Jeopardy! Round:

Whitney Aki Eric
$7,100 $3,100 $8,600

[wagering suggestions for these scores]

Final Jeopardy! Round responses

POP MUSIC
AkiWho is Britney Spears?
$2,600
WhitneyWho is Brittney Spears???
$2,000
EricWho is Britney Spears?
$3,500
Britney Spears

Final scores:

Whitney Aki Eric
$9,100 $5,700 $12,100
2nd place: $9,100 3rd place: $5,700 Winner: $12,100

Game dynamics:

Coryat scores:

Whitney Aki Eric
$6,900 $2,800 $9,100
17 R
(including 1 DD),
3 W
11 R
(including 1 DD),
3 W
25 R
(including 1 DD),
3 W

Combined Coryat: $18,800

The J! Archive is created by fans, for fans. The Jeopardy! game show and all elements thereof, including but not limited to copyright and trademark thereto, are the property of Jeopardy Productions, Inc. and are protected under law. This website is not affiliated with, sponsored by, or operated by Jeopardy Productions, Inc. Join the discussion at JBoard.tv.